| 000 | 00679nam a2200241 i 4500 | ||
|---|---|---|---|
| 001 | 72695 | ||
| 003 | ES-MaACL | ||
| 005 | 20251001194556.0 | ||
| 007 | t| | ||
| 008 | 040902s1985 fr ||||1| fre d | ||
| 020 | _a2-07-070500-5 | ||
| 100 | 1 |
_aGodard, Henri. _957501 |
|
| 245 | 1 | 0 |
_aPoétique de Céline / _cHenri Godard. |
| 260 |
_a[Paris] : _bGallimard, _c[1985] |
||
| 300 |
_a474 p. ; _c23 cm. |
||
| 490 | 1 | _aBibliothèque des idées | |
| 500 | _aIndices. | ||
| 504 | _aBibliografía. | ||
| 600 | 1 | 4 |
_aCéline, Louis-Ferdinand, _d1894-1961 _937358 |
| 830 | 0 |
_aBibliothèque des idées _9177378 |
|
| 852 |
_aES-MaACL _jL-12291 _bR.115515 |
||
| 999 |
_c72695 _d72695 |
||